000
00207nam a22000857a 4500
008
170128b xxu||||| |||| 00| 0 eng d
100
_9
2604
_a
Gupta.S
245
_a
The World Today-5
260
_a
New Delhi
_b
GRB
_c
2012
999
_c
5742
_d
5742